000 00641nam a2200181Ia 4500
008 100917s9999 xx 000 0 und d
082 _b58047
100 _aघोरपडे
245 _aनेहरूंच्या शब्दात नेहरू
260 _bचित्रशाळा प्रेस प्रकाशन
_c1961
300 _a92
365 _b2
520 _aबालविभाग
630 _aनेहरूंच्या शब्दात नेहरू
650 _aबालविभाग
730 _aनेहरूंच्या शब्दात नेहरू
942 _cBOOK
999 _c663441
_d663438